书目信息 |
| 题名: |
沙漠地区公路建设成套技术
|
|
| 作者: | 陈晓光 , 罗俊宝 , 张生辉 主编 | |
| 分册: | ||
| 出版信息: | 北京 人民交通出版社 2006.12 |
|
| 页数: | 452页 | |
| 开本: | 28cm | |
| 丛书名: | ||
| 单 册: | ||
| 中图分类: | U419.91 | |
| 科图分类: | ||
| 主题词: | 沙漠--sha mo--地区--筑路--科技成果--中国 | |
| 电子资源: | ||
| ISBN: | 7-114-06106-4 | |
| 000 | 01079nam0 2200277 450 | |
| 001 | 012007918404 | |
| 005 | 20070509165823.65 | |
| 010 | @a7-114-06106-4@dCNY108.00 | |
| 100 | @a20070411d2006 km y0chiy0120 ea | |
| 101 | 0 | @achi |
| 102 | @aCN@b110000 | |
| 105 | @aa a 000yy | |
| 200 | 1 | @a沙漠地区公路建设成套技术@Asha mo di qu gong lu jian she cheng tao ji shu@f陈晓光, 罗俊宝, 张生辉主编@Fchen xiao guang,luo jun bao,zhang sheng hui zhu bian |
| 210 | @a北京@c人民交通出版社@d2006.12 | |
| 215 | @a452页@c图@d28cm | |
| 312 | @a英文并列题名取自封面。 | |
| 320 | @a有书目 (第450-452页) | |
| 330 | @a本书共有十篇。包括:沙漠分布与分区,沙漠公路选线技术及线形参数,沙漠公路路基合理断面与高度,沙漠公路路基边坡设计与稳定性等。 | |
| 510 | 1 | @aThe technologies of highway construction in desert area@zeng |
| 606 | 0 | @a沙漠@Asha mo@x地区@x筑路@x科技成果@y中国 |
| 690 | @aU419.91@v4 | |
| 701 | 0 | @a陈晓光@Achen xiao guang@4主编 |
| 701 | 0 | @a罗俊宝@Aluo jun bao@4主编 |
| 701 | 0 | @a张生辉@Azhang sheng hui@4主编 |
| 801 | 0 | @aCN@c20070509 |
| 905 | @a10447@dU419.91@eC591 | |
| 沙漠地区公路建设成套技术/陈晓光, 罗俊宝, 张生辉主编.-北京:人民交通出版社,2006.12 |
| 452页:图;28cm |
| ISBN 7-114-06106-4:CNY108.00 |
| 本书共有十篇。包括:沙漠分布与分区,沙漠公路选线技术及线形参数,沙漠公路路基合理断面与高度,沙漠公路路基边坡设计与稳定性等。 |
| ● |
| 相关链接 |
|
|
|
正题名:沙漠地区公路建设成套技术
索取号:U419.91/C591
 
预约/预借
| 序号 | 登录号 | 条形码 | 馆藏地/架位号 | 状态 | 备注 |
| 1 | 240381 | 202403817 | 期刊室512/501自科库 53排7列3层/ [索取号:U419.91/C591] | 在馆 | |
| 2 | 240382 | 202403826 | 自科库501/501自科库 53排7列3层/ [索取号:U419.91/C591] | 在馆 |